Pohjois-Amerikan valtiot tyhjällä kartalla - Statistics

Yleistilastot
  • Tätä visaa on pelattu 1 155 kertaa
  • Keskiarvotulos 20 / 23
Vastaukset kartalla
Vastauksille on annettu kartalla punavihreä väri sen mukaan, kuinka moni on saanut sen oikein.
 
Vastaustilastot
Valtio % Oikein
Kanada
99%
Meksiko
99%
Yhdysvallat
99%
Kuuba
95%
Jamaika
91%
Panama
91%
Haiti
90%
Honduras
88%
Costa Rica
87%
Dominica
86%
Nicaragua
86%
Bahama
84%
Dominikaaninen tasavalta
83%
Guatemala
83%
Belize
82%
El Salvador
82%
Barbados
81%
Saint Lucia
80%
Antigua ja Barbuda
78%
Trinidad ja Tobago
78%
Saint Kitts ja Nevis
76%
Saint Vincent ja Grenadiinit
75%
Grenada
74%
Ehtoja vastaavia visoja ei löytynyt
Tulosjakauma
Jokaisen tuloksen saaneiden osuus
Persentiili vastausten määrän mukaan
Tuloshistoriasi
Et ole pelannut tätä visaa